00745nam a22001937a 4500003000400000005001700004008004100021020001800062040002900080050002000109100002900129245007800158260004400236300003300280650004300313942001500356952016300371999001700534OSt20260617161530.0260617b |||||||| |||| 00| 0 eng d a9780807748572 cChuka University Library aLC 215 .S3 2008 aSchultz Brian D .929906 aSpectacular things happen along the way : lessons from an urban classroom aNew York bTeachers College Pressc2008 avarious paging billustrated aLessons from an urban classroom929907 2lcccBKn0 00102lcc40708LGLaCHKbCHKcGENd2026-06-17eDonations from books for Africag4394.00l0oLC 215 .S3 2008p35189/2026r2026-06-17 16:18:53w2026-06-17yBK c24647d24647